000
00344cam a2200145ua 4500
041
_a
eng
_h
082
_a
621.815
_b
JAI/MA
100
_a
Jain, R K .
245
_a
Machine design /
_c
R K Jain.
_h
Textual Documents
260
_a
Delhi :
_b
Khanna publishers ,
_c
1983.
300
_a
1357 ; .
504
_a
942
_c
BK
999
_c
10352
_d
10352